000 00697 a2200193 4500
999 _c4558
_d4558
020 _a0435913239
050 0 0 _aPR9346 MAJ 1990
245 0 4 _aThe Heinemann book of African poetry in English /
_cselected by Adewale Maja-Pearce.
264 _aLondon :
_bHeinemann,
_c1990
300 _axvi, 224 p. ;
440 0 _aHeinemann African poets
500 _aIncludes selected bibliographic notes
504 _aIncludes bibliographical references (p. 218-223).
650 0 _aAfrican poetry (English)
651 0 _aAfrica
700 2 _aMaja-Pearce, Adewale.
942 _2lcc
_cBK
_h9346
_iMAJ
_kPR